000 01094nam a2200241Ia 4500
999 _c53862
_d53862
001 20913
003 GE_BSU
005 20250325104534.0
008 181216s2016||||ge |||||||||||||| ||geo||
020 _a9789941084454
040 _cGE_BSU
041 _ageo
080 _a615.851.26 ბ-91
100 _aბრაიანი, ალმან.
_924670
245 _aთვითჰიპნოზი :
_b (სახელმძღვანელო საკუთარი თავის შესაცვლელად) /
_cალმან ბრაიანი,მთარგმ. ნინა თურმანიძე ; რედ. თამაზ თურმანიძე.
264 _aთბილისი:
_bპეგა,
_c2016.
300 _a190 გვ.:
_b20 სმ.
653 _aთვითჰიპნოზი.
653 _aმედიცინა
700 _a თურმანიძე, ნინა
_eმთარგმნელი
_924671
700 _aთურმანიძე, თამაზ
_eრედაქტორი
_911865
942 _cBK
_2udc